000 00535nam a22001937a 4500
005 20250421124210.0
008 250421b |||||||| |||| 00| 0 eng d
040 _aMAIN
041 _aEnglish
100 _aMattingly Shaunn Eric
_925640
245 _aMost New Bussiness Fail, But Mine Won't.......Right ?
250 _aLos Angeles
260 _aSAGE
_bLos Angeles London
_c2016
300 _a70-88
440 _aThe Journal of Entreprenurship
_925641
650 _aManagement
700 _aKushev Trayan
_925642
942 _cAI
999 _c59717
_d59717